[Event "Turnier 40 / 120"]
[Site "Wien"]
[Date "2022.02.03"]
[Round "43"]
[White "Pewatronic Masterchess SH7034 - 24 MHZ"]
[Black "Mephisto Lyon 68020 - 12 MHZ"]
[Result "1-0"]
[BlackElo "2173"]
[WhiteElo "2155"]

1. e4 c6 2. Nc3 d5 3. d4 dxe4 4. Nxe4 Bf5 5. Ng3 Bg6 6. Bc4 e6 7. N1e2 Nf6
8. h4 h6 9. Nf4 Bh7 10. Qe2 Bd6 11. c3 O-O 12. Nd3 {Buchende} Nbd7
{Buchende} 13. Ne5 {Pewatronic ist nicht zufrieden mit seinem Buch, erste
Bewertung: -0,8 / lt. Stockfish steht Schwarz klar besser mit +1,00 mit der
Fortsetzung Sd5} Qc7 {Buchbewertung Mephisto Lyon 68020: +0,18 / etwas
schwächer als Sd5, nach dem Textzug ist Schwarz mit ca. +0,60 im Vorteil}
14. Nxd7 Nxd7 15. Ne4 Bxe4 {besser ist Le7, nach dem Textzug ist die
Stellung exakt im Lot, Stockfish 0,00} 16. Qxe4 Nf6 17. Qd3 c5 18. Be3 cxd4
19. Bxd4 Be5 20. Bxe5 Qxe5+ 21. Qe2 Qxe2+ 22. Kxe2 Rac8 23. Bb3 Rfd8 24.
Rad1 Ne4 25. g4 a5 26. Bc2 Nd6 27. f4 Nc4 28. b3 Rxd1 29. Rxd1 Na3 30. Kd2
Nxc2 31. Kxc2 Rc7 {besser ist g5, nach dem Textzung ist Weiss mit ca. +1,00
im Vorteil mit der Fortsetzung Td8+} 32. Rd8+ Kh7 33. Kd3 Kg6 34. h5+ Kf6
35. c4 g5 36. hxg6 fxg6 37. Rf8+ Rf7? {Mephisto Lyon 68020: -0,12 ?, nach
diesem Katastrophenzug ist die Partie sofort verloren, Stockfish +15,00 für
Weiss, nach diesem Zug erkennt der Pewatronic nach der 1. Sekunde einen
Vorteil von +1,2 !} 38. g5+ {Pewatronic: +1,5} hxg5 39. fxg5+ Kg7 40. Rb8?
{um 30 Bauerneinheiten !!! schlechter als Txf7, dennoch sollte auch das zum
Gewinn reichen, Stockfish +5,50 für Weiss} Rd7+ 41. Ke4 Rc7 42. Kf4?
{falsche Richtung, der König gehört nach d4, Stockfish +4,00 für Weiss} a4
43. Ke5 axb3 44. axb3 Kf7 {Stockfish +7,00 für Weiss.} 45. b4 Ke7 46. Rh8
Rxc4 47. Rh7+ Kd8 48. Rxb7 Kc8 49. Rg7 Rxb4 50. Kxe6 Rb6+ 51. Kf7 Kd7 52.
Rxg6 Rb5 53. Rg8 Rf5+ 54. Kg6 Rf1 55. Kg7 Rb1 56. Rf8 Rg1 57. g6 Ke7 58.
Rf2 Ke6 59. Re2+ Kd7 60. Kh7 Rh1+ 61. Kg8 Rh3 62. Re1 Rh2 63. Rd1+ Ke7 64.
g7 Ke8 65. Rd5 Ke7 66. Rc5 Rh1 67. Rf5 Rh4 {Stockfish Matt in 24, der
Pewatronic tut sich aber irgendwie schwer den Sieg einzufahren, seine
Bewertungen schwanken zwischen +3,4 und fallen im nächsten Augenblick
wieder auf +1,6 und das schon mehrmals, der Mephisto Lyon sieht schon den
klaren Verlust seine Bewertung ist konstant bei -5,00} 68. Ra5 Rh1 69. Rb5
{Pewatronic +1,7, das Spiel ist planlos, wenn es blöd läuft bekommt der
Pewatronic in dieser Partie gar noch ein Problem mit der 50-Zug-Regel und
vergeigt diese 100 % gewonnene Stellung, Stockfish Matt in 23, aber darum
hat der Pewatronic nicht Tb5 gespielt.} Rh3 70. Rg5 {Stockfish Matt in 23,
dieser Zug verzögert das Matt um einen Zug was heisst, der Turm ist auf dem
falschen Feld, der Pewatronic tappt im Dunkeln, ich bin mir an dieser
Stelle nicht mehr sicher, ob er den Sieg tatsächlich einfährt, schon
verwunderlich, sieht doch ganz leicht aus, der Turm geht auf Reihe 1, gibt
Schach von e1, der schwarze König muss weichen von der E-Linie und der
weisse König geht nach f7 und das ist alles, für den Pewatronic anscheinend
unlösbar zumindest bis hierher.} Kf6 {jetzt hilft der Mephisto Lyon 68020
seinem Gegner aus der Patsche, denn das muss er ja einfach sehen, dass er
nach Kf8 zur Dame kommt, möchte nicht wissen, was wäre wenn Lyon z.B. Th1
gezogen hätte.} 71. Kf8 Kxg5 72. g8=Q+ {den Rest kann man sich hier
natürlich schenken, klar gewinnt die Dame gegen den Turm, der Pewatronic
hat 50 Züge Zeit, um diese Aufgabe zu lösen, das sollte er jetzt aber doch
schaffen. Es ist hier schon spät nachts, eigentlich bin ich nahe dran
Userentscheid: 1-0 zu schreiben, aber man soll auch schon gesehen haben,
das manche Geräte Probleme haben mit der Dame gegen den Turm zu gewinnen,
ich stelle jetzt mal die Kommentare ein und warte ab, der Countdown läuft.}
Kf4 73. Qf7+ Ke5 74. Qe7+ Kf4 75. Qf6+ Kg4 76. Qe6+ Kg3 77. Kf7 Rh4 78.
Qe3+ Kg4 79. Kg6 Rh3 80. Qg5+ Kf3 81. Kf5 Rh7 82. Qf6 Rh3 83. Qc3+ Kg2 84.
Qd2+ Kf3 85. Qf4+ Kg2 86. Kg4 Rh8 87. Qe4+ Kf1 88. Qb1+ Ke2 89. Qb2+ Kd3
{aufgegeben} 1-0
[/pgn]
[pgn]

[Event "Turnier 40 / 120"]
[Site "Wien"]
[Date "2022.02.04"]
[Round "44"]
[White "Mephisto Lyon 68020 - 12 MHZ"]
[Black "Pewatronic Masterchess SH7034 - 24 MHZ"]
[Result "1/2-1/2"]
[BlackElo "2155"]
[WhiteElo "2173"]

1. e4 c6 2. d4 d5 3. Nc3 dxe4 4. Nxe4 Bf5 5. Ng3 Bg6 6. h4 h6 7. Nf3 Nd7
{Buchende} 8. Bd3 Bxd3 {Buchbewertung Pewatronic Masterchess: +0,2} 9. Qxd3
{Buchende} e6 10. O-O {Buchbewertung Mephisto Lyon 68020: +0,15 / lt.
Stockfish ist die Stellung etwa gleich} Be7 11. Re1 Ngf6 12. Bf4 Nd5 13.
Bd2 N5b6? {deutlich besser ist 0-0, hier könnte Weiss mittels Sh5 schon
deutlich in Vorteil kommen mit ca. +1,70} 14. c3? {dieser Zug bringt nur
geringen Vorteil für Weiss mit ca. +0,40} O-O 15. h5 c5 16. Bf4 {nicht so
gut, der Läufer kann sofort wieder vorteilhaft für Schwarz vertrieben
werden.} Nd5! {klar was sonst} 17. Bd2 cxd4 18. Nxd4 Qb6 19. Qb5 {ein
schwacher Zug, der Weiss klaren Vorteil bringt, Stockfish +1,20 für
Schwarz, deutlich besser ist c4} Rfd8 20. Re2 N7f6 21. Qxb6 Nxb6 22. Bf4
Nfd5 23. Re4 Nxf4 24. Rxf4 Rd5 25. Rg4 Rad8 {Schwarz steht schon klar auf
Gewinn, Stockfish +1,80} 26. Nb3? {nach diesem Zug ist die Partie verloren
für Weiss, Stockfish +3,30 für Schwarz mit der Fortsetzung Td1+, deutlich
mehr Widerstand bot a4} Rd1+ 27. Nf1 Rxa1 28. Nxa1 Rd1 29. Nc2 Rb1 30. b3
Nd5 31. Rc4 Rc1 32. Ne3 Nxc3 33. a4 Ne2+ 34. Kh2 {die Partie ist verloren
für Weiss, Stockfish -5,00} Bd6+ {Pewatronic sieht schon klaren Gewinn:
+1,8} 35. g3 {Mephisto Lyon 68020 ist noch viel zu optimistisch: -0,96} a6
{besser ist Txc4, Schwarz kann sich diese Ungenauigkeit aber leisten,
Stockfish +3,00} 36. Nd2 b5? {immer noch verdiente Txc4 klar den Vorzug,
Stockfish +2,00 für Schwarz} 37. Rxc1 Nxc1 38. Nc2 bxa4 39. bxa4 Nd3 40.
Nc4 Be7 {besser ist Lc5} 41. Kg2 Bf6 42. N2e3 {deutlich besser ist Kf3,
Stockfish +3,50 für Schwarz} Nc5 43. Nb6 Bd4 44. g4? {ganz schwach,
deutlich besser ist Sc4, Stockfish +5,70 für Schwarz mit der Fortsetzung
Lxe3} Nd3? {um ganze 3 Bauerneinheiten schwächer als Lxe3, Schwarz steht
aber nach wie vor klar auf Gewinn, Stockfish +2,70} 45. Nbc4? {dieses
Endspiel überfordert beide Geräte, deutlich besser ist Sd7, Stockfish +4,00
für Schwarz} Kf8 46. Nd2 Bb6 47. Nb3 {besser ist Sdc4, Stockfish +6,00 für
Schwarz mit der Fortsetzung Lxe3} g5? {ein ganz schwacher Zug, um 3,5
Bauerneinheiten !! schwächer als Lxe3, Stockfish +2,60 für Schwarz mit der
Fortsetzung hxg6} 48. hxg6 fxg6 49. Kg3 Kf7 50. Kf3 h5 51. Ke2 Ne5 {besser
ist Sc5, aber Schwarz bleibt klar im Vorteil mit ca. +1,80} 52. gxh5 gxh5
53. f4 Nd7 {um eine Bauerneinheit schwächer als Sc6, Stockfish +1,50 für
Schwarz} 54. Kf3? {ein ganz schwacher Zug, der die Partie bereits verliert,
Stockfish +3,20 für Schwarz mit der Fortsetzung Lxe3, nötig war Sc4} Kf6?
{doch auch der Pewatronic antwortet mit einem ganz schwachen Zug, gleich um
2,5 ! Bauerneinheiten schlechter als Lxe3, Stockfish nur noch +0,70 für
Schwarz mit der Fortsetzung Sc4, also jetzt muss der Pewatronic aufpassen,
dass er das nicht noch vergeigt.} 55. Nc4 Bc7 56. Ncd2 e5 57. Ne4+ Kf5 58.
Ng3+ Kg6 59. f5+? {ein Katastrophenzug, der die Partie sofort verliert,
Stockfish +5,00 für Schwarz, nach fxe5 ist die Partie wohl Remis, das
bewertet Stockfish nur noch mit +0,30 für Schwarz} Kg5 {na klar, wie soll
der schwache Bauer f5 auf Dauer verteidigt werden wenn der weisse Springer
mittels h4 angegriffen wird, also das nicht zu sehen man muss es so brutal
sagen ist schon unterste Schublade.} 60. Nd2 {ein jämmerlicher Versuch, der
auch nichts mehr rettet, das Schach auf e4 hätte er natürlich gerne, aber
den Gefallen macht ihm der Pewatronic nicht mehr, da ist Hopfen und Malz
verloren, Stockfish +6,00 für Schwarz.} Nf6! {na klar, ein Alternativloser
Zug.} 61. Nde4+ Nxe4 62. Kxe4 h4 63. Nf1 h3 64. Nh2 Bb8 65. Nf1 a5 66. Nh2
Bc7 67. Nf1 Kf6 68. Nh2 Bb6 69. Ng4+ Kg5 70. Nxe5 Bc7 71. Nd3 Bg3? {ein
wahrer Megabock, der den Sieg verschenkt, um 17 Bauerneinheiten schlechter
als h2, nach dem Textzug ist die Partie Remis, Stockfish 0,00} 72. Kf3 Bb8
73. Nf2 h2 74. Kg2 Kxf5 75. Nd3 Ke4 76. Nc5+ Kd5 77. Nb3 Bc7 78. Nxa5
1/2-1/2
[/pgn]
[pgn]

[Event "Turnier 40 / 120"]
[Site "Wien"]
[Date "2022.02.05"]
[Round "45"]
[White "Pewatronic Masterchess SH7034 - 24 MHZ"]
[Black "Mephisto Lyon 68020 - 12 MHZ"]
[Result "1/2-1/2"]
[BlackElo "2173"]
[WhiteElo "2155"]

1. d4 Nf6 2. c4 c5 3. d5 e6 4. Nc3 exd5 5. cxd5 d6 6. Nf3 g6 7. e4 Bg7 8.
Be2 O-O 9. O-O Re8 10. Nd2 {Buchende} Na6 {Buchende} 11. f4 {Buchbewertung
Pewatronic Masterchess: +0,3} Nc7 {Buchbewertung Mephisto Lyon 68020: +0,06
/ lt. Stockfish ist die Stellung etwa ausgeglichen} 12. Re1 Rb8 13. a4 a6
14. Bf3 {deutlich besser ist a5, um den Vorstoff b5 zu verhindern,
Stockfish +1,00 für Schwarz mit der Fortsetzung b5} b5 15. axb5 axb5 16.
Ra7 {ein schwacher Zug, deutlich besser ist h3, Stockfish +2,70 für Schwarz
mit der Fortsetzung b4} b4 17. Ne2 Rb6 {besser ist La6, Stockfish +1,60 für
Schwarz} 18. Ra5 Ra6 19. Rxa6 Bxa6 20. Qc2 Qe7 21. b3 Ng4? {ein ganz
schwacher Zug, der nahezu den gesamten Vorteil verspielt, Stockfish nur
noch +0,40 für Schwarz, nötig war Sb5 mit ca. +2,30 für Schwarz} 22. Bxg4
Qh4 23. Nf3 Qxg4 24. h3 Qd7 25. Ng3 Nb5 26. Be3 Qb7 27. Bc1 {deutlich
besser ist Kh2, Stockfish +2,00 für Schwarz mit der Fortsetzung Lc3} Nd4
{schwächer als Lc3, Stockfish +1,00 für Schwarz} 28. Nxd4 Bxd4+ 29. Be3
{besser ist Kh2} Bc3 30. Bd2? {deutlich besser ist Td1, Stockfish +2,60 für
Schwarz mit der Fortsetzung Lg7} Bg7 31. Be3 f5 32. Bf2 fxe4? {verspielt
nahezu den gesamten Vorteil, Stockfish nur noch +0,30 für Schwarz, nötig
war Db5 mit ganz klarem Vorteil von ca. +2,00 für Schwarz} 33. Nxe4 Qd7 34.
g3 {ein schwacher Zug, der Schwarz wieder klar in Vorteil bringt, Stockfish
+2,00 mit der Fortsetzung Df5, nötig war Kh2 mit Ausgleich} Bb7 {deutlich
schwächer als Df5, Stockfish +1,30 für Schwarz} 35. Qd2 {besser ist Dc4}
Rf8? {ein ganz schwacher Zug, der einen Grossteil des Vorteils abgibt,
Stockfish +0,80 für Schwarz, nötig war h5 mit ca. +2,60 für Schwarz} 36.
Re3? {diese komplizierte Stellung überfordert beide Geräte, nach diesem Zug
ist die Partie praktisch wieder verloren, Stockfish +3,00 für Schwarz mit
der Fortsetzung Tf5, eine weitere Kommentierung wird hier ausgesetzt.} Rf5
37. Rd3 h6 38. g4 Rf8 39. Re3 Kh7? {verpasst möglichen Gewinn mittels Txf4}
40. Re1 Ra8 41. Bh4 Qf7 42. Nxd6 Qxd5 43. Qxd5 Bxd5 44. Bf2 Ra5 45. Re7 Kg8
{die Stellung ist im Lot} 46. f5 {besser ist Te8+, nach dem Textzug ist
Schwarz wieder etwas im Vorteil mit ca. +1,00 mit der Fortsetzung gxf5}
Bxb3 {und gleich ist der Vorteil wieder dahin, Stockfish 0,00 mit der
Fortsetzung Te8+} 47. fxg6 {ein schwieriges Endspiel für beide Geräte, die
hier die Feinheiten nicht erkennen, nach dem Textzug ist Schwarz wieder
etwas im Vorteil mit +1,00} Bf6 48. Re3 Ra1+ {besser ist Ld5} 49. Kg2? {ein
fataler Fehler, der Schwarz erlaubt mittels Tempogewinn den Weg für seinen
B-Bauern frei zu machen, verliert sofort die Partie, Stockfish +6,00 für
Schwarz mit der Fortsetzung Ld5+, nötig war natürlich Kh2 und Kampf wäre
noch möglich, obwohl auch danach Schwarz klar besser steht, aber nur mit
ca. +1,50} Bd5+ 50. Kg3 Kg7? {ein absoluter Katastrophenzug, der den Sieg
verschenkt, Stockfish 0,00 mit der Fortsetzung Se8+, nach Ta3 kann Weiss
aufgeben, mit +7,00 für Schwarz, klar nach dem Turmtausch gewinnen die
beiden Freibauern, also der Mephisto Lyon 68020 zeigt in letzter Zeit nicht
geahnte Schwächen, auch im Endspiel} 51. Ne8+ Kxg6 52. Nxf6 Kxf6 53. Rd3
Ra3 54. Rxa3 bxa3 55. Bxc5 a2 56. Bd4+ {Userentscheid: Remis} 1/2-1/2
[/pgn]
[pgn]

[Event "Turnier 40 / 120"]
[Site "Wien"]
[Date "2022.02.06"]
[Round "46"]
[White "Mephisto Lyon 68020 - 12 MHZ"]
[Black "Pewatronic Masterchess SH7034 - 24 MHZ"]
[Result "1-0"]
[BlackElo "2155"]
[WhiteElo "2173"]

1. e4 c6 2. d4 d5 3. Nc3 {Buchende} g6 {Buchende} 4. e5 {Buchbewertung
Mephisto Lyon 68020: +0,75} Bg7 {Buchbewertung Pewatronic Masterchess: +0,3
/ lt. Stockfish steht Weiss besser mit ca. +1,00} 5. Nf3 Bf5 6. Nh4 Be6 7.
Bf4 Nd7 8. Nf3 f6 9. Be2 {nach mehreren kleinen Ungenauigkeiten von Weiss
ist die Stellung im Lot} Bg4 10. Qd2 Bxf3 11. exf6 exf6 12. Bxf3 Ne7
{besser ist f5, nach dem Textzug ist Weiss im Vorteil mit ca. +1,50 mit der
Fortsetzung 0-0-0} 13. O-O-O O-O 14. h4 Nb6 15. Qe2 Rf7 16. h5 {dieser
Vorstoss ist verfrüht und bringt zu diesem Zeitpunkt nichts für Weiss,
Stockfish nur noch +0,50 für Weiss, deutlich besser ist Kb1} g5 17. h6 Bh8
{deutlich besser ist Sg6, Weiss ist wieder im Vorteil mit ca. +1,50 mit der
Fortsetzung Ld2} 18. Bd2 Nf5? {deutlich schwächer als Sg6 dieser Zug
verliert praktisch schon die Partie, Stockfish +3,00 für Weiss mit der
Fortsetzung Dd3} 19. Qd3 Nd6 20. Bh5 Rf8 21. Bg4 Re8 {ein schwacher Zug,
deutlich mehr Widerstand bot f5, Stockfish +3,50 für Weiss mit der
Fortsetzung b3} 22. Rde1 Rxe1+ {immer noch war f5 die bessere Wahl,
Stockfish +4,40 für Weiss} 23. Rxe1 Qf8 {immer noch war f5 besser,
Stockfish +7,00 für Weiss mit der Fortsetzung Le6+} 24. Be6+ Nf7 25. Rh1
{besser ist Se2, Weiss steht aber klarerweise trotzdem auf Gewinn,
Stockfish +5,00} Qe7 26. Bf5 Nd6 27. Re1 Qc7 28. Be6+ Nf7 29. f4 Nc4 30.
fxg5 {da ist nichts mehr zu retten für Schwarz, Stockfish +9,00 für Weiss.}
Nxd2 31. g6 hxg6 32. Qxg6+ Kf8 33. Kxd2 Qf4+ 34. Kd3 Nxh6 35. Rh1 Qg5 36.
Qxh6+ Ke7 37. Qxg5 fxg5 38. Bg4 {Schwarz hat eine ganze Figur verloren, den
Rest könnte man sich unter normalen Umständen schon schenken, Stockfish
+6,50 für Weiss} Bg7 39. Re1+ Kf6 40. Re6+ Kf7 41. Rd6 Rb8 42. Na4 Rh8 43.
Nc5 Rh2 44. Be6+ Ke7 45. Rd7+ Kf6 46. Rxb7 Rxg2 47. Bd7 Rg3+ 48. Kd2 Rg2+
49. Kc3 Rg3+ 50. Nd3 c5 51. dxc5 {Rest geschenkt} 1-0
[/pgn]
[pgn]

[Event "Turnier 40 / 120"]
[Site "Wien"]
[Date "2022.02.07"]
[Round "47"]
[White "Pewatronic Masterchess SH7034 - 24 MHZ"]
[Black "Mephisto Lyon 68020 - 12 MHZ"]
[Result "1/2-1/2"]
[BlackElo "2173"]
[WhiteElo "2155"]

1. c4 c5 2. Nc3 Nf6 3. Nf3 Nc6 4. g3 g6 5. Bg2 Bg7 6. O-O O-O 7. d4 cxd4 8.
Nxd4 Nxd4 9. Qxd4 d6 10. Qd3 a6 11. Be3 {Buchende} Ng4 {Buchende} 12. Bf4
{Buchbewertung Pewatronic Masterchess: 0,0} Qa5? {Buchbewertung Mephisto
Lyon 68020: +0,03, ein schwacher erster Zug, Stockfish +1,00 für Weiss mit
der Fortsetzung Sd5, deutlich besser ist Lf5 und alles ist im Lot.} 13. Nd5
Re8 14. b4 Qd8 15. Rad1 Bd7 16. a3 Rc8 17. f3 Ne5 18. Bxe5 Bxe5 19. f4 Bg7
20. Rc1 e6 21. Nc3 Qb6+ 22. Kh1 Red8 23. Rfd1 Bc6 24. e4 a5 25. Rb1 h6 26.
Rdc1 Bf6 27. Rc2 axb4 28. axb4 Ra8 29. b5 Be8 30. Rbc1 Ra3 31. Qf3 Qd4 32.
Qd1 Qe3 33. Ne2 Rd3 34. Qg1 Qxg1+ 35. Rxg1 b6 36. Rgc1 g5 {Schwarz steht
klar besser, Stockfish +1,30} 37. f5 Rc8 38. Bh3 Bd7 39. Ra2? {ein ganz
schwacher Zug, der die Partie bereits verliert, Stockfish +3,20 für Schwarz
mit der Fortsetzung exf5, um ganze 2 Bauerneinheiten besser war fxe6.} exf5
40. Bxf5 Bxf5 41. exf5 d5! {der richtige Zug, Stockfish +3,60 / Mephisto
Lyon sieht erst geringen Vorteil: +0,30} 42. Ra6 {Pewatronic: -1,3} Bd8?
{verspielt auf einen Schlag den gesamten Vorteil, Stockfish nur noch +0,30
für Schwarz mit der Fortsetzung c5, gewonnen hätte Td2 und Weiss kann die
Segel streichen.} 43. c5 bxc5 44. Rxh6? {Pewatronic lässt die Chance auf
Ausgleich liegen, dieser Zug verliert die Partie wieder, Stockfish +2,50
für Schwarz mit der Fortsetzung c4, nötig war Tc6} Rd2 {etwas schwächer als
c4, Schwarz bleibt aber im Vorteil mit ca. +2,00} 45. Nc3 Ba5? {deutlich
besser ist d4 der Vorteil ist wieder dahin} 46. Rc6 Re8 47. Rxc5 Bxc3 48.
R5xc3 Ree2 {die Stellung ist Remis, Stockfish 0,00} 49. h4 Rh2+ 50. Kg1
Rhg2+ 51. Kf1? {Weiss hätte Kh1 ziehen sollen dann ist es Remis, nach dem
Textzug gewinnt Schwarz noch die Partie, Stockfish +2,40} Rdf2+ 52. Ke1
Re2+ 53. Kf1 Ref2+ 54. Ke1 {hier gewinnt Th2, doch der Mephisto Lyon 68020
sieht keinen Vorteil und begnügt sich mit Dauerschach und Remis.} Re2+ 55.
Kf1 Ref2+ {Stellungswiederholung} 1/2-1/2
[/pgn]
[pgn]

[Event "Turnier 40 / 120"]
[Site "Wien"]
[Date "2022.02.08"]
[Round "48"]
[White "Mephisto Lyon 68020 - 12 MHZ"]
[Black "Pewatronic Masterchess SH7034 - 24 MHZ"]
[Result "1/2-1/2"]
[BlackElo "2155"]
[WhiteElo "2173"]

1. e4 e6 2. d4 d5 3. Nc3 Nf6 4. Bg5 Be7 5. e5 Nfd7 6. Bxe7 Qxe7 7. f4 O-O
{Buchende} 8. Qd2 {Buchende} Na6 {lt. Stockfish steht Weiss klar besser mit
ca. +1,20 mit der Fortsetzung Sf3} 9. Bxa6 bxa6 10. Nce2 Nb6 11. b3 Bb7 12.
Nf3 c5 13. c3 Rac8 14. O-O cxd4? {deutlich besser ist Sd7, Stockfish +2,20
für Weiss mit der Fortsetzung S2xd4} 15. cxd4 {deutlich schwächer als
S2xd4, Stockfish +1,50 für Weiss} Rfe8 16. Qd3 h6 {besser ist Sd7,
Stockfish +2,00 für Weiss} 17. f5 exf5 18. Qxf5 a5 19. Ng3 Ba6 20. Rf2 Rc3
{deutlich besser ist Tc6, Stockfish +2,50 für Weiss mit der Fortsetzung
Df4} 21. Qg4? {deutlich schwächer als Df4, Stockfish +1,00 für Weiss} Bc8
22. Nf5? {mit diesem Zug verspielt Weiss nahezu den gesamten Vorteil,
Stockfish +0,40 für Weiss} Bxf5 23. Qxf5 Rec8 24. Raf1 a4 25. bxa4 Nxa4 26.
Nd2 R8c7 {die Stellung ist im Lot, Stockfish 0,00} 27. Qh5 Qe6 28. Nb3 a6
29. Qh4 Qe8 30. Qg4 Re3 31. Rf6 Re4 32. R1f4 h5 33. Qg5 Nc3 34. Rf1 Qe7 35.
R6f5? {verliert die Partie, nötig war h3 und alles ist im Lot} Ne2+
{Stockfish +2,70 für Schwarz} 36. Kh1 Qxg5 37. Rxg5 Nxd4? {um ganze 2
Bauerneinheiten schwächer als h4, Stockfish +1,30 für Schwarz} 38. Rxh5?
{ganz schwach, damit verspielt Weiss wieder alle Chancen, Stockfish +2,70
für Schwarz mit der Fortsetzung Se6, nötig war Sxd4 mit ca. +1,30 für
Schwarz.} Nxb3? {auch nicht besser, Stockfish +1,30 für Schwarz} 39. axb3
Re3 40. Rh4! {der richtige Zug, Stockfish +0,80 für Schwarz} Rxb3 41. Ra4
Rc6 42. Rd4? {Weiss wäre besser beraten mittels h3 ein Luftloch für den
König zu machen danach wäre Schwarz nur unwesentlich im Vorteil mit ca.
+0,50, Stockfish + 1,80 für Schwarz mit der Fortsetzung Tb5} Rb5 43. Rfd1?
{nicht aufgepasst beim Thema Grundlienenschwäche ?} Rc4 44. h4 {na endlich,
kommt aber viel zu spät, Stockfish +2,50 für Schwarz} Rxd4 45. Rxd4 Kf8
{etwas besser ist a5, Stockfish +2,00 für Schwarz} 46. h5 a5 47. Kg1 Ke7
{dieser auf den ersten Blick eigentlich logisch aussehnde Zug ist ganz
schwach, damit ist Schwarz nur noch mit +0,50 im Vorteil mit der
Fortsetzung Kf2, nötig war g6 mit ca. +2,80 für Schwarz} 48. Rg4? {doch wir
kennen alle die Problematik von Turmendspielen, nach diesem Zug ist wieder
alles verloren für Weiss, Stockfish +4,00 für Schwarz mit der Fortsetzung
Tb1+} Rb1+ 49. Kh2 Rb4 50. Rxg7 Rh4+ 51. Kg3 Rxh5 {Stockfish +5,50 für
Schwarz} 52. Rg4 Rh8 53. Rd4 Ra8 54. Rxd5 a4 55. Rd2 a3 56. Ra2 Ra4 {besser
ist Ke6, aber diese Fortsetzung reicht völlig aus zum Gewinn, Stockfish
+6,50} 57. Kf3 Ke6 58. Ke3 Kxe5 59. Kd3 Kf4 60. Kc2 Ra7 61. Kb1 Kg3 62. Kc1
f6 {es spielt zwar keine grosse Rolle mehr, aber warum nicht gleich f5 ?}
63. Kb1 Ra8 {ist egal, aber was soll das bringen, warum nicht f5 ?} 64. Ka1
Ra6 {warum nicht f5 ?} 65. Rd2 a2 66. Rb2 Ra5 {warum nicht f5 ?} 67. Rb6 f5
68. Rg6+ Kf4 69. Rh6 Ra8 70. Rh3 Kg4 71. Rb3 Ra4 72. Rd3 Ra6 {Stockfish
+11,00 für Weiss, aber der Pewatronic muss natürlich noch den Sack zu
machen, schenken tue ich ihm das hier nicht, das muss er noch beweisen} 73.
Rf3 Ra7 74. Rc3 Ra5 75. Rb3 Ra8 76. Rf3 Ra6 77. Re3 Kg5 {natürlich ist die
Stellung nach wie vor gewonnen, Stockfish +12,00 für Schwarz, aber
irgendwie wirkt das Spiel des Pewatronic planlos, er tut sich schwer hier
einen Fortschritt zu erzielen} 78. Rg3+ Kf4 79. Rf3+ Kg4 {Pewatronic spielt
eine Stellungswiederholung, Bewertung 0,0, will er sich hier tatsächlich
mit einem Remis begnügen ???} 80. Re3 Kh4 {Pewatronic macht doch noch einen
Versuch: +1,2} 81. Rh3+ Kg4 82. Re3 {Stellungswiederholung} 1/2-1/2
[/pgn]
[pgn]